01282nam a2200325 a 450000100080000000500110000800800410001910000180006024501120007826000160019030000110020650001010021752002580031865000160057665000180059265000190061065000230062965000360065265000190068865000350070765000120074265000250075465000250077965300240080465300210082865300380084965300170088765300190090465300330092314974982026-03-11 1997 bl uuuu m 00u1 u #d1 aRITZINGER, R. aHybridization of two Southern appalachian blueberry species with rabbiteye and southern highbush blueberry. a1997.c1997 a148 f. aThesis (Doctor of Philosophy) - University of Florida, Gainesville. Orientation: Paul M. Lyrene. aThis research was conducted to determine whether it is feasible to cross V. ashei x V. constablaei and V. corymbosum x V simulation and to assess the potential value of the hybrids in breeding rabbiteye (V. ashei) and highbush (V. corymbosum) cultivars. aBlueberries aHybridization aPlant breeding aPlant reproduction aTropical and subtropical fruits aFruta Tropical aMelhoramento Genético Vegetal aMirtilo aReprodução Vegetal aVaccinium Corymbosum aArándano americano aFitomejoramiento aFrutas tropicales y subtropicales aHibridación aHibridização aReproducción de las plantas